| 000 | 01010cab a2200301 4500 | ||
|---|---|---|---|
| 001 | ABS43647 | ||
| 008 | 090401t1990 xxu||||| |||| 00| 0 eng d | ||
| 035 | _a(Sirsi) u42748 | ||
| 041 | _aeng | ||
| 245 | _aFocus on M27 corridor | ||
| 260 | _c1990 | ||
| 350 | _a0 | ||
| 490 |
_aEstates Gazette _v(9046) 17 November 1990, 61-110 (30) |
||
| 520 | _aLooks at the state of the office , retail and industrial markets in Portsmouth and Southampton and surrounding districts. Includes business park development, comments by local agents, demographic statistics , a list of local information sources and a selection of property on the market. | ||
| 650 | _aDEFENCE CUTS | ||
| 650 | _aDEVELOPMENT | ||
| 650 | _aEASTLEIGH | ||
| 650 | _aFAREHAM | ||
| 650 | _aGOSPORT | ||
| 650 | _aHAVANT | ||
| 650 | _aOUT-OF-TOWN | ||
| 650 | _aPLANNING | ||
| 650 | _aPREMIUMS | ||
| 650 | _aWATERLOOVILLE | ||
| 690 | _aPROPERTY-COMMERCIAL PROPERTY-COMMERCIAL PROPERTY MARKET | ||
| 942 | _n0 | ||
| 948 | _c04/03/1997 | ||
| 999 |
_c27351 _d27351 |
||